000
00202 a2200097 4500
999
_c
293925
_d
293925
001
58852
003
NUST
005
20170531092041.0
008
170531b xxu||||| |||| 00| 0 eng d
040
_c
NUST
082
_a
891.4393
245
_a
Hasal Ghat
260
_a
Lahore
_b
Sang e meel
_c
2007
942
_a
NUST-CAE
_c
BK
_c
BK
_2
ddc